Economic Zoology/ (Record no. 190163)

MARC details
000 -LEADER
fixed length control field 00576nam a22001697a 4500
005 - DATE AND TIME OF LATEST TRANSACTION
control field 20220719125711.0
010 ## - LCCN (DPL NO)
LC control number ENG-133701
020 ## - INTERNATIONAL STANDARD BOOK NUMBER
Terms of availability 220.00
International Standard Book Number 9789382459262
035 ## - SYSTEM CONTROL NUMBER
System control number EN-117233
037 ## - SOURCE OF ACQUISITION
Source of stock number/acquisition DBAD/PUB
082 ## - DEWEY DECIMAL CLASSIFICATION NUMBER
Classification number 591.6
245 ## - TITLE STATEMENT
Title Economic Zoology/
260 ## - PUBLICATION, DISTRIBUTION, ETC. (IMPRINT)
Place of publication, distribution, etc Tamil Nadu
Name of publisher, distributor, etc Saras Publication
Date of publication, distribution, etc 2013
270 ## - ADDRESS
Address 114/35G, A.R.P. Camp Road, Periavilai, Kottar P.O., Nagercoil, Kanyakumari Dist
City Tamil Nadu
Postal code 629002
Telephone number 04652265026
Electronic mail address info@saraspublication.com
Fax number 04652265099
300 ## - PHYSICAL DESCRIPTION
Extent 536p.
Dimensions 24cm(pbk)
Other physical details Index
942 ## - ADDED ENTRY ELEMENTS (KOHA)
Source of classification or shelving scheme Dewey Decimal Classification
Item type English Books
Classification part 591.6
Call number suffix ECO
Holdings
Withdrawn status Lost status Not for loan Collection code Home library Current library Date acquired Source of acquisition Cost, normal purchase price Full call number Barcode Copy number Cost, replacement price Koha item type
      Non-fiction Bawana Bawana 19/07/2022 DBAD/PUB 220.00 591.6 ECO EN-117233 1 220.00 English Books

© Delhi Public Library
Hit Counter
free hit counter